000
00295nam a22001337a 4500
008
170908b xxu||||| |||| 00| 0 eng d
020
_a
9780743255356
041
_a
eng
080
_a
91
100
_a
42
101
_a
GJEO
245
_a
THE GEOGRAPHY OF THOUGHT
_c
NISBETT,R,E
942
_2
udc
_c
BK
999
_c
26814
_d
26814